Регионална библиотека "Любен Каравелов" - Русе

Атлас на дните : Кн. 4 за чудатите деца на Мис Перигрин за чудати деца (Запис номер 345360)

MARC детайли
000 -Лидер
Контролно поле с фиксирана дължина 01362nam a2200337 c 4500
003 - Код на организацията, давaща контролен номер
Контролно поле BLK
005 - Дата и час на последна редакция
Контролно поле 20250121122803.0
008 - Елементи от данни с фиксирана дължина
fixed length control field 180410b bul|||||r ||||||| ||bul||
010 ## - Наследен системен номер
LC control number KNG00161064000
020 ## - Международен стандартен номер на книга ISBN
Международен стандартен номер на книга ISBN 978-954-655-901-2
040 ## - Източник на каталожния запис
Идентификатор на билиотеката - собственик на записа BLK
041 ## - Код за език
Код за езика на текст/звукозапис или на отделно заглавие Български
Код за езика КДБФ Български
072 #7 - Код за тематичната категория
Код организация bullib
Код за тематична категория Н83
Текст Чужда художествена литература Н
080 ## - УДК
Текстов определител УДК Американска литература (на САЩ)
УДК код - определител по УДК 821.111(73)
УДК определител -312.9
УДК - код + определител 821.111(73)-312.9
100 1# - Редна дума - Автор
Автор Ригс, Рансъм
Авторска отговорност първи автор
R(LIN) 332447
139 ## - Редно поле
Редна дума Ригс, Рансъм
Авторски знак Ри - Р 58
245 10 - Сведения за заглавието
Заглавие Атлас на дните : Кн. 4 за чудатите деца на Мис Перигрин за чудати деца
Подзаглавни данни Роман
Редно поле (дума) Рансъм Ригс; прев. Юлиан Стойнов
Том Кн. 4
257 ## - Страна на издаване
Страна на създаване/издаване Съединени американски щати
260 ## - Област на издателските данни
Име на издателя, разпространителя и проч. Бард
Година на издаване 2019
Информация за издателството София
300 ## - Физическа характеристика
Страници 448 с.
Размери/Мащаб 22 см
380 ## - Жанр
Жанр Худож. лит.
500 ## - Общи забележки
Забележка Ориг. загл. A Map of day / Ransom Riggs. - Кн. 4 за чудатите деца на мис Перигрин.
700 ## - Други автори (авторска отговорност)
Лично име Стойнов, Юлиан Иванов
Автороска отговорност (Описва отношението между автора и произведението) прев. от англ.
9 (RLIN) 258182
852 ## - Местоположение
Фондова буква Хранилище
856 4# - Електронен адрес и достъп
Електронен формат pdf - файл
856 4# - Електронен адрес и достъп
Електронен формат pdf - файл
999 ## - СИСТЕМНИ КОНТРОЛНИ НОМЕРА
Koha biblionumber 345360
Koha biblioitemnumber 345360
942 ## - АРТИКУЛИ
Вид на библиотечния материал Книги
Скрит в OPAC Не
Периодичен библиозапис Да
Koha issues (borrowed), all copies 8
944 ## - СЪЗДАВАНЕ И РЕДАКЦИЯ на ЗАПИСА
Създаване/Редакция Редакция
Дата на регистрацията/редакция 2020-10-01
Служител, извършил регистрацията/редакцията 30530
Статус, дата на статуса Минев Младен
999 ## - СИСТЕМНИ КОНТРОЛНИ НОМЕРА
Koha biblioitemnumber 345360
999 ## - СИСТЕМНИ КОНТРОЛНИ НОМЕРА
Koha biblioitemnumber 345360
Наличности
Код за отписване Код за изгубен артикул Източник на класификационната схема Код за повреда Коз за рестрикции Код за отдаване Артикулен № Име на библиотеката - собственик Име на библиотеката, в която се намира в момента Статус (Текущо местоположение) Дата на вписване в системата Местоположение - отдел Цена в лева Систематично азбучна сигнатура Баркод Цена в евро Служебен тип на артикула
  Не е изгубен Universal Decimal Classification Не е повреден само за читалня ползва се в читалня 746276 Регионална библиотека "Любен Каравелов" Русе Регионална библиотека "Любен Каравелов" Русе Хранилище 2019-09-24 Хранилище 29.99 Цб 296963 120000836538 15.33 Книги
  Не е изгубен Universal Decimal Classification Не е повреден   заемане за дома 802326 Регионална библиотека "Любен Каравелов" Русе Регионална библиотека "Любен Каравелов" Русе Заемна - подръчен фонд 2020-10-02 Заемна - подръчен фонд 20.39 821-31/Р 58 120000848345 10.43 Книги
Vip Innovations Ltd, Rousse, Bulgaria 2025